| 000 | 00714nam a2200241Ia 4500 | ||
|---|---|---|---|
| 003 | OSt | ||
| 005 | 20220925192926.0 | ||
| 006 | a|||||r|||| 00| 0 | ||
| 007 | ta | ||
| 008 | 220923b |||||||| |||| 00| 0 eng d | ||
| 037 | _cGeneral Book | ||
| 040 |
_aRTL _cRTL _beng |
||
| 041 |
_2eng _aeng |
||
| 082 | _aB28.2,d,N32r, N6 | ||
| 110 |
_aINDIAN STATISTICAL INSTITUTE _9129511 |
||
| 245 | 0 |
_a6 annual report _b April 1995-march 1996 |
|
| 260 |
_aCalcutta _bPublic Relations Unit ISI. _c1996 |
||
| 300 |
_aiii,163p. +96p _ccm. |
||
| 500 | _aAppendix P 1-96p | ||
| 700 |
_aINDIAN STATISTICAL INSTITUTE _9129512 |
||
| 942 |
_hB28.2,d,N32r, N6 _cGB _2CC |
||
| 999 |
_c523931 _d523931 |
||